[Event "Cheliabinsk Kibizov Memorial 8th"]
[Site "Cheliabinsk"]
[Date "2013.06.30"]
[Round "9"]
[White "Gorbushin, Maksim"]
[Black "Filippov, Alexey"]
[Result "1-0"]
[WhiteElo "2164"]
[BlackElo "2071"]
[PlyCount "61"]
[EventDate "2013.06.22"]
[EventType "swiss"]
[EventRounds "9"]
[EventCountry "RUS"]
[SourceTitle "EXT 2014"]
[Source "ChessBase"]
[SourceDate "2013.11.20"]
[SourceVersion "1"]
[SourceVersionDate "2013.11.20"]
[SourceQuality "1"]

1. c4 Nf6 2. g3 e6 3. Bg2 d5 4. Nf3 c5 5. 0-0 Nc6 6. d4 dxc4 7. Qa4 Be7 8. dxc5 0-0 9. Qxc4 Qa5 10. Bg5 Qxc5 11. Qxc5 Bxc5 12. Bxf6 gxf6 13. Nc3 e5 14. Rac1 Be6 15. a3 Rfd8 16. b4 Be7 17. Ne4 a5 18. b5 Nd4 19. Nxd4 Rxd4 20. Rc7 Kf8 21. Nc5 Bxc5 22. Rxc5 e4 23. f3 Ra4 24. fxe4 Rxa3 25. e5 b6 26. Bxa8 bxc5 27. exf6 Bb3 28. b6 Ra4 29. Rf5 Rd4 30. Rxc5 Rd8 31. Rxa5 1-0

[Event "Cheliabinsk Kibizov Memorial 8th"]
[Site "Cheliabinsk"]
[Date "2013.06.28"]
[Round "7"]
[White "Gorbushin, Maksim"]
[Black "Mamontova, Anastasia"]
[Result "1/2-1/2"]
[WhiteElo "2164"]
[BlackElo "1700"]
[PlyCount "100"]
[EventDate "2013.06.22"]
[EventType "swiss"]
[EventRounds "9"]
[EventCountry "RUS"]
[SourceTitle "EXT 2014"]
[Source "ChessBase"]
[SourceDate "2013.11.20"]
[SourceVersion "1"]
[SourceVersionDate "2013.11.20"]
[SourceQuality "1"]

1. c4 e5 2. g3 Nc6 3. Bg2 Nf6 4. Nc3 d6 5. e4 Be7 6. Nge2 0-0 7. 0-0 Be6 8. d3 Nd7 9. f4 f5 10. fxe5 dxe5 11. exf5 Bc5+ 12. Kh1 Bxf5 13. Nd5 Bg4 14. Be3 Nd4 15. Bxd4 Bxd4 16. Qd2 Bxe2 17. Qxe2 c6 18. Nc3 Nc5 19. Rxf8+ Qxf8 20. Rf1 Qe7 21. Nd1 Rf8 22. b4 Nd7 23. Rxf8+ Qxf8 24. c5 g6 25. Ne3 a5 26. a3 axb4 27. axb4 Bc3 28. Qc2 Bd4 29. Nc4 Qf2 30. Qxf2 Bxf2 31. Bh3 Nb8 32. Nxe5 Na6 33. Kg2 Bd4 34. Nf3 Bc3 35. Kf2 Nxb4 36. Ke3 Nd5+ 37. Ke2 Kg7 38. d4 b6 39. Kd3 bxc5 40. dxc5 Bf6 41. Bd7 Be7 42. Kc4 Ne3+ 43. Kd4 Nc2+ 44. Kc3 Ne3 45. Nd4 Kf6 46. Nb3 Nf1 47. Bxc6 Nxh2 48. Bb5 h5 49. Be2 Kf5 50. Kd4 Ng4 1/2-1/2

[Event "Cheliabinsk Kibizov Memorial 8th"]
[Site "Cheliabinsk"]
[Date "2013.06.26"]
[Round "5"]
[White "Matsenko, Andrei"]
[Black "Gorbushin, Maksim"]
[Result "1/2-1/2"]
[WhiteElo "2224"]
[BlackElo "2164"]
[PlyCount "71"]
[EventDate "2013.06.22"]
[EventType "swiss"]
[EventRounds "9"]
[EventCountry "RUS"]
[SourceTitle "EXT 2014"]
[Source "ChessBase"]
[SourceDate "2013.11.20"]
[SourceVersion "1"]
[SourceVersionDate "2013.11.20"]
[SourceQuality "1"]

1. e4 c5 2. Nf3 d6 3. d4 cxd4 4. Nxd4 Nf6 5. Nc3 g6 6. Be3 Bg7 7. f3 0-0 8. Qd2 Nc6 9. 0-0-0 d5 10. Kb1 Nxd4 11. e5 Nf5 12. exf6 exf6 13. Bc5 d4 14. Bxf8 Qxf8 15. Nb5 Ne3 16. Rc1 Bh6 17. Qxd4 Nf5 18. Qxf6 Bg7 19. Qg5 Bh6 20. Qf6 Bg7 21. Qg5 Bh6 22. Qg4 Bxc1 23. Kxc1 Qc5 24. Bd3 Nd6 25. Qd4 Qg5+ 26. f4 Nxb5 27. Qe4 Qc5 28. Qe8+ Kg7 29. Qxb5 Qe3+ 30. Kb1 Qxf4 31. Qe8 Qb8 32. Qe4 Be6 33. h4 h5 34. Qa4 Kg8 35. Rf1 Qd8 36. Rf4 1/2-1/2

[Event "Cheliabinsk Kibizov Memorial 8th"]
[Site "Cheliabinsk"]
[Date "2013.06.24"]
[Round "3"]
[White "Gorbushin, Maksim"]
[Black "Mokshantsev, Anton"]
[Result "1-0"]
[WhiteElo "2164"]
[BlackElo "1825"]
[PlyCount "129"]
[EventDate "2013.06.22"]
[EventType "swiss"]
[EventRounds "9"]
[EventCountry "RUS"]
[SourceTitle "EXT 2014"]
[Source "ChessBase"]
[SourceDate "2013.11.20"]
[SourceVersion "1"]
[SourceVersionDate "2013.11.20"]
[SourceQuality "1"]

1. c4 Nf6 2. g3 e6 3. Bg2 d5 4. Nf3 Be7 5. 0-0 0-0 6. d4 c5 7. cxd5 Nxd5 8. e4 Nf6 9. Nc3 cxd4 10. Nxd4 e5 11. Nf5 Bb4 12. Qb3 Nc6 13. Rd1 Qa5 14. Nd5 Nxd5 15. Rxd5 Qc7 16. Qe3 Be6 17. Nxg7 Bxd5 18. Nf5 f6 19. exd5 Ne7 20. Qe4 Nxf5 21. Qxf5 Qc8 22. Qh5 Qd7 23. Bh6 Rf7 24. d6 Bxd6 25. Bd5 Bf8 26. Bb3 Bxh6 27. Qxh6 Kh8 28. Bxf7 Qxf7 29. Rd1 Qe6 30. b3 Kg8 31. Qe3 a6 32. Qe4 Qf7 33. Qg4+ Qg6 34. Qe6+ Kh8 35. Qe7 Re8 36. Qxb7 f5 37. Qd5 f4 38. Re1 e4 39. Qd4+ Kg8 40. Qd5+ Kh8 41. b4 h5 42. Qd7 Kg8 43. Qc7 f3 44. Qf4 Qg4 45. Qxg4+ hxg4 46. h3 gxh3 47. Kh2 Kf7 48. Kxh3 Kf6 49. g4 Ke5 50. Kg3 Rh8 51. Rb1 Kd4 52. Rb3 Ke5 53. a4 Kd4 54. b5 Kc4 55. Re3 Kd4 56. bxa6 Ra8 57. g5 Ke5 58. Kg4 Rxa6 59. Ra3 Ra5 60. g6 Kf6 61. Kf4 Re5 62. g7 Re8 63. g8Q Rxg8 64. Kxe4 Rh8 65. a5 1-0

[Event "Cheliabinsk Region-ch"]
[Site "Cheliabinsk"]
[Date "2012.02.23"]
[Round "6"]
[White "Gorbushin, Maksim"]
[Black "Khazhipov, Timur"]
[Result "0-1"]
[WhiteElo "2186"]
[BlackElo "2002"]
[PlyCount "57"]
[EventDate "2012.02.18"]
[EventType "swiss"]
[EventRounds "9"]
[EventCountry "RUS"]
[SourceTitle "EXT 2014"]
[Source "ChessBase"]
[SourceDate "2013.11.20"]
[SourceVersion "1"]
[SourceVersionDate "2013.11.20"]
[SourceQuality "1"]

1. c4 c5 2. g3 g6 3. Bg2 Bg7 4. Nc3 Nc6 5. e4 a6 6. Nge2 b5 7. d3 Rb8 8. 0-0 e6 9. Bf4 d6 10. Qd2 Nge7 11. Rab1 h6 12. Be3 Nd4 13. cxb5 axb5 14. b4 Bd7 15. f4 0-0 16. bxc5 dxc5 17. e5 Bc6 18. Bxc6 Nexc6 19. Ne4 Nc2 20. Qxc2 Nd4 21. Qb2 Nf5 22. Bxc5 Qxd3 23. Bxf8 Bxf8 24. Nf6+ Kg7 25. Rbd1 Bc5+ 26. Kh1 Qe3 27. g4 Nh4 28. Qc1 Qh3 29. Qc2 0-1

[Event "Satka Governor Cup"]
[Site "Satka"]
[Date "2011.08.18"]
[Round "4"]
[White "Cuhendi, Sean Winshand"]
[Black "Gorbushin, Maksim"]
[Result "0-1"]
[WhiteElo "1945"]
[BlackElo "2158"]
[PlyCount "108"]
[EventDate "2011.08.16"]
[EventType "swiss"]
[EventRounds "9"]
[EventCountry "RUS"]
[SourceTitle "CBM 144 Extra"]
[Source "ChessBase"]
[SourceDate "2011.10.28"]
[SourceVersion "1"]
[SourceVersionDate "2011.10.28"]
[SourceQuality "1"]

1. e4 c5 2. Nf3 d6 3. d4 cxd4 4. Nxd4 Nf6 5. Nc3 g6 6. Be3 Bg7 7. f3 0-0 8. Qd2 Nc6 9. g4 Be6 10. 0-0-0 Nxd4 11. Bxd4 Qa5 12. a3 Rab8 13. Kb1 Rfc8 14. Rg1 b5 15. Bxf6 Bxf6 16. Nd5 b4 17. axb4 Qa4 18. b5 Bxd5 19. exd5 a6 20. g5 axb5 21. gxf6 Ra8 22. c4 bxc4 23. Rg4 Qa2+ 24. Kc1 c3 25. bxc3 Qa1+ 26. Kc2 Ra2+ 27. Kb3 Rxc3+ 28. Kb4 Ra4+ 29. Kb5 Ra5+ 30. Kb6 Qa3 31. Qxc3 Qxc3 32. Rc4 Qb3+ 33. Kxa5 exf6 34. Rcd4 Qxf3 35. Kb6 Qc3 36. Bc4 Qb2+ 37. Bb5 Qxh2 38. Kc7 h5 39. R4d2 Qf4 40. Rd4 Qe5 41. Bd7 g5 42. Rc4 f5 43. Rh1 Qxd5 44. Rcc1 h4 45. Bc6 Qa5+ 46. Kxd6 g4 47. Rc5 Qd2+ 48. Kc7 Qf4+ 49. Kb6 h3 50. Rb1 g3 51. Kb7 g2 52. Rc2 Qf1 53. Rcc1 Qf2 54. Rg1 f4 0-1

[Event "Satka Governor Cup"]
[Site "Satka"]
[Date "2011.08.16"]
[Round "1"]
[White "Gorbushin, Maksim"]
[Black "Setyaki, Azarya Jodi"]
[Result "0-1"]
[WhiteElo "2158"]
[BlackElo "1773"]
[PlyCount "68"]
[EventDate "2011.08.16"]
[EventType "swiss"]
[EventRounds "9"]
[EventCountry "RUS"]
[SourceTitle "CBM 144 Extra"]
[Source "ChessBase"]
[SourceDate "2011.10.28"]
[SourceVersion "1"]
[SourceVersionDate "2011.10.28"]
[SourceQuality "1"]

1. c4 c5 2. Nc3 g6 3. g3 Bg7 4. Bg2 Nc6 5. e3 d6 6. Nge2 e5 7. 0-0 Nge7 8. Nd5 Nxd5 9. cxd5 Ne7 10. d4 cxd4 11. exd4 exd4 12. Nxd4 0-0 13. Be3 Nf5 14. Nxf5 Bxf5 15. Bd4 Bxd4 16. Qxd4 Qb6 17. Qf6 Rac8 18. Rac1 Rxc1 19. Rxc1 Re8 20. Bf3 Re5 21. b3 Bh3 22. g4 Qc5 23. Rf1 Bxf1 24. Kxf1 Qc1+ 25. Kg2 Re1 26. Kg3 Rg1+ 27. Bg2 g5 28. h4 Qf4+ 29. Qxf4 gxf4+ 30. Kf3 Ra1 31. a4 Rb1 32. Kxf4 Rxb3 33. Kf5 Rb4 34. a5 Rb2 0-1

[Event "UrFO-ch op"]
[Site "Cheliabinsk"]
[Date "2011.03.21"]
[Round "4"]
[White "Shnayder, Violetta"]
[Black "Gorbushin, Maksim"]
[Result "0-1"]
[WhiteElo "1870"]
[BlackElo "2096"]
[PlyCount "102"]
[EventDate "2011.03.19"]
[EventType "swiss"]
[EventRounds "9"]
[EventCountry "RUS"]
[SourceTitle "EXT 2012"]
[Source "ChessBase"]
[SourceDate "2011.11.24"]
[SourceVersion "1"]
[SourceVersionDate "2011.11.24"]
[SourceQuality "1"]

1. e4 c5 2. c3 Nf6 3. e5 Nd5 4. d4 cxd4 5. cxd4 Nc6 6. Nf3 d6 7. Bc4 Nb6 8. Bb5 Bd7 9. exd6 e6 10. Bg5 f6 11. Bf4 Nd5 12. Qd2 Nxf4 13. Qxf4 Nb4 14. Bxd7+ Qxd7 15. Qe4 Bxd6 16. Nc3 0-0 17. a3 Nd5 18. 0-0 Nxc3 19. bxc3 Kh8 20. c4 b6 21. a4 Rac8 22. Rfc1 f5 23. Qe2 Bf4 24. Re1 g5 25. g3 g4 26. Ne5 Bxe5 27. Qxe5+ Kg8 28. c5 bxc5 29. dxc5 Qd5 30. Rac1 Qxe5 31. Rxe5 Rc6 32. Rd1 Kf7 33. Rd6 Rfc8 34. Kf1 R8c7 35. Ke2 a5 36. Rxc6 Rxc6 37. Kd3 Kf6 38. Kd4 Rc8 39. Re2 Rb8 40. c6 Ke7 41. Kc5 Kd8 42. Rd2+ Kc8 43. Rd4 Rb2 44. Rc4 Kc7 45. Rc1 Rxf2 46. Kb5 Rxh2 47. Kxa5 Rb2 48. Rc5 Rb3 49. Re5 Kxc6 50. Rxe6+ Kd5 51. Rh6 Rxg3 0-1

[Event "Cheliabinsk-ch"]
[Site "Cheliabinsk"]
[Date "2011.01.16"]
[Round "3"]
[White "Mutav, Vladimir"]
[Black "Gorbushin, Maksim"]
[Result "1/2-1/2"]
[WhiteElo "1817"]
[BlackElo "2061"]
[PlyCount "81"]
[EventDate "2011.01.13"]
[EventType "swiss"]
[EventRounds "9"]
[EventCountry "RUS"]
[SourceTitle "EXT 2012"]
[Source "ChessBase"]
[SourceDate "2011.11.24"]
[SourceVersion "1"]
[SourceVersionDate "2011.11.24"]
[SourceQuality "1"]

1. d4 Nf6 2. Bg5 g6 3. Bxf6 exf6 4. e4 Bg7 5. Nf3 0-0 6. Be2 d6 7. 0-0 f5 8. exf5 Bxf5 9. c3 c5 10. Na3 Nc6 11. dxc5 dxc5 12. Qxd8 Rfxd8 13. Rad1 a6 14. Nc4 Bh6 15. Rxd8+ Rxd8 16. Rd1 Rxd1+ 17. Bxd1 Be6 18. Nd6 Bxa2 19. Nxb7 c4 20. Nc5 Bc1 21. b4 cxb3 22. Bxb3 Bxb3 23. Nxb3 Bb2 24. Nc5 a5 25. Na4 Ba3 26. Kf1 Ne7 27. Ke2 Nd5 28. g3 Kf8 29. Kd3 Nf6 30. h3 Bd6 31. Nd2 Ke7 32. Kc4 g5 33. Kb5 Bc7 34. c4 g4 35. hxg4 Nxg4 36. f4 Ne3 37. c5 Nf5 38. Nf1 Nd4+ 39. Kc4 Nc6 40. Kb5 Nd4+ 41. Kc4 1/2-1/2

[Event "Cheliabinsk Postovalov Memorial 5th"]
[Site "Cheliabinsk"]
[Date "2011.01.08"]
[Round "6"]
[White "Bulgakov, Nikolai"]
[Black "Gorbushin, Maksim"]
[Result "0-1"]
[WhiteElo "1923"]
[BlackElo "2061"]
[PlyCount "44"]
[EventDate "2011.01.06"]
[EventType "swiss"]
[EventRounds "9"]
[EventCountry "RUS"]
[SourceTitle "CBM 140 Extra"]
[Source "ChessBase"]
[SourceDate "2011.03.01"]
[SourceVersion "1"]
[SourceVersionDate "2011.03.01"]
[SourceQuality "1"]

1. Nf3 g6 2. d4 Bg7 3. e4 d6 4. Nc3 Nf6 5. Be2 c6 6. 0-0 0-0 7. Bg5 h6 8. Bf4 Nbd7 9. h3 Nh5 10. Bh2 e5 11. dxe5 dxe5 12. Qd2 Qf6 13. Rad1 Nf4 14. Qd6 Qxd6 15. Rxd6 g5 16. Rfd1 Nc5 17. Bf1 a5 18. a3 Be6 19. Nd2 Bf6 20. Nc4 Be7 21. R6d2 Bxc4 22. Bxc4 b5 0-1

[Event "Cheliabinsk Postovalov Memorial 5th"]
[Site "Cheliabinsk"]
[Date "2011.01.06"]
[Round "1"]
[White "Gorbushin, Maksim"]
[Black "Mokshantsev, Andrei"]
[Result "1-0"]
[WhiteElo "2061"]
[BlackElo "1743"]
[PlyCount "55"]
[EventDate "2011.01.06"]
[EventType "swiss"]
[EventRounds "9"]
[EventCountry "RUS"]
[SourceTitle "CBM 140 Extra"]
[Source "ChessBase"]
[SourceDate "2011.03.01"]
[SourceVersion "1"]
[SourceVersionDate "2011.03.01"]
[SourceQuality "1"]

1. c4 Nf6 2. Nc3 d5 3. cxd5 Nxd5 4. g3 Nc6 5. Bg2 Be6 6. Nf3 g6 7. 0-0 Bg7 8. Ng5 Nxc3 9. bxc3 Bd5 10. Bxd5 Qxd5 11. d4 0-0 12. e4 Qc4 13. Qb3 Na5 14. Qa3 b6 15. e5 c5 16. Be3 Nb7 17. f4 e6 18. dxc5 Nxc5 19. Bxc5 Qxc5+ 20. Qxc5 bxc5 21. Ne4 Rfc8 22. Rab1 Bf8 23. Rb7 Rc6 24. Rd1 Rb6 25. Rc7 Ra6 26. Rdd7 Ra4 27. Nf6+ Kh8 28. Rxf7 1-0

[Event "Cheliabinsk Panchenko Memorial 2nd"]
[Site "Cheliabinsk"]
[Date "2010.10.11"]
[Round "8"]
[White "Gorbushin, Maksim"]
[Black "Rodionov, Nikolai"]
[Result "1-0"]
[WhiteElo "2042"]
[BlackElo "1772"]
[PlyCount "109"]
[EventDate "2010.10.04"]
[EventType "swiss"]
[EventRounds "9"]
[EventCountry "RUS"]
[SourceTitle "EXT 2011"]
[Source "ChessBase"]
[SourceDate "2010.11.26"]
[SourceVersion "1"]
[SourceVersionDate "2010.11.26"]
[SourceQuality "1"]

1. c4 c5 2. Nc3 Nc6 3. g3 g6 4. Bg2 Bg7 5. e4 e6 6. Nge2 Nge7 7. 0-0 0-0 8. d3 d6 9. Be3 Nd4 10. Qd2 Re8 11. h3 a6 12. Rab1 Nec6 13. Kh2 Rb8 14. Bxd4 Nxd4 15. Nxd4 cxd4 16. Ne2 e5 17. f4 Bd7 18. f5 b5 19. cxb5 Rxb5 20. g4 Qa5 21. b4 Qd8 22. a4 Rb8 23. Qa2 Rf8 24. Ng3 Bh6 25. Bf3 Bf4 26. Bd1 Qh4 27. Qf2 gxf5 28. exf5 Kh8 29. Kg2 Bc6+ 30. Bf3 Bxa4 31. Ne4 Qxf2+ 32. Rxf2 Rb6 33. Nf6 Bg5 34. Nd5 Rc6 35. h4 Bxh4 36. Ra2 Rc2+ 37. Rxc2 Bxc2 38. Rh1 Bg5 39. Be4 f6 40. Ra1 Bb3 41. Nb6 d5 42. Bxd5 Bxd5+ 43. Nxd5 Rd8 44. Nc7 Bd2 45. Nxa6 Rd7 46. b5 e4 47. Nc5 Rd5 48. Nxe4 Bc3 49. Rb1 Rd8 50. Nxf6 Kg7 51. Ne4 Rb8 52. b6 Kf7 53. b7 Ba5 54. Nc5 Bc7 55. Na6 1-0

[Event "Cheliabinsk Panchenko Memorial 2nd"]
[Site "Cheliabinsk"]
[Date "2010.10.06"]
[Round "3"]
[White "Ramzaitsev, Nikolai"]
[Black "Gorbushin, Maksim"]
[Result "0-1"]
[WhiteElo "1748"]
[BlackElo "2042"]
[PlyCount "95"]
[EventDate "2010.10.04"]
[EventType "swiss"]
[EventRounds "9"]
[EventCountry "RUS"]
[SourceTitle "EXT 2011"]
[Source "ChessBase"]
[SourceDate "2010.11.26"]
[SourceVersion "1"]
[SourceVersionDate "2010.11.26"]
[SourceQuality "1"]

1. d4 Nf6 2. Bg5 g6 3. c4 Bg7 4. Nf3 d6 5. Nc3 h6 6. Bh4 c6 7. e4 Qa5 8. Bd3 Bg4 9. 0-0 g5 10. Bg3 h5 11. h3 Bxf3 12. Qxf3 g4 13. Qf5 Qxf5 14. exf5 gxh3 15. gxh3 Na6 16. a3 Kd7 17. Kh2 h4 18. Bf4 Nh5 19. Be3 Bh6 20. Rae1 Nf4 21. Be4 Nc7 22. Rg1 d5 23. cxd5 Ncxd5 24. Nxd5 Nxd5 25. Bxh6 Rxh6 26. Rg7 Rf8 27. Reg1 a6 28. Rg8 Rxg8 29. Rxg8 Nf6 30. Rg4 Nxg4+ 31. hxg4 Ke8 32. d5 cxd5 33. Bxd5 b5 34. Kh3 Rd6 35. Be4 Rd2 36. f3 Rxb2 37. Kxh4 a5 38. g5 b4 39. a4 b3 40. g6 fxg6 41. fxg6 Kf8 42. f4 Re2 43. Bd3 Rd2 44. Kg5 Kg7 45. f5 b2 46. Kf4 Rd1 47. Ke5 Re1+ 48. Kd4 0-1

[Event "Satka Gubernators Cup Juniors"]
[Site "Satka"]
[Date "2010.08.22"]
[Round "9"]
[White "Gorbushin, Maksim"]
[Black "Tatekhin, Vyacheslav"]
[Result "0-1"]
[WhiteElo "2050"]
[BlackElo "2113"]
[PlyCount "40"]
[EventDate "2010.08.16"]
[EventType "swiss"]
[EventRounds "9"]
[EventCountry "RUS"]
[SourceTitle "EXT 2022"]
[Source "ChessBase"]
[SourceDate "2021.10.06"]
[SourceVersion "1"]
[SourceVersionDate "2021.10.06"]
[SourceQuality "1"]

1. c4 Nf6 2. Nc3 e5 3. g3 d5 4. cxd5 Nxd5 5. Bg2 Nb6 6. Nf3 Nc6 7. 0-0 Be7 8. d3 0-0 9. Bd2 Be6 10. Ne4 f6 11. Qc1 Qd7 12. Be3 Bh3 13. Bc5 Bxg2 14. Kxg2 f5 15. Ned2 Rae8 16. Rd1 Bd6 17. Bxd6 cxd6 18. Qc2 d5 19. Qc3 e4 20. Nd4 Na4 0-1

[Event "Satka Gubernators Cup Juniors"]
[Site "Satka"]
[Date "2010.08.18"]
[Round "4"]
[White "Gorbushin, Maksim"]
[Black "Baigildin, Albert"]
[Result "1-0"]
[WhiteElo "2050"]
[BlackElo "2075"]
[PlyCount "31"]
[EventDate "2010.08.16"]
[EventType "swiss"]
[EventRounds "9"]
[EventCountry "RUS"]
[SourceTitle "EXT 2022"]
[Source "ChessBase"]
[SourceDate "2021.10.06"]
[SourceVersion "1"]
[SourceVersionDate "2021.10.06"]
[SourceQuality "1"]

1. c4 Nf6 2. Nc3 d5 3. cxd5 Nxd5 4. g3 g6 5. Bg2 Nb6 6. Nf3 Bg7 7. 0-0 Nc6 8. d3 0-0 9. Be3 e5 10. Bg5 f6 11. Be3 Nd4 12. Bxd4 exd4 13. Nb5 f5 14. Qb3+ Rf7 15. a4 a6 16. Nxc7 1-0